00372 a2200109 4500001001000000005001700010008004100027245007400068100003100142773007200173999001700245ART_1063520260410161830.0260409a 10aAnálisis del reglamento general del servicio universal telefónico1 aCeballos Ferroglio, Carlos0 tActualidad Económicag- Año X, Nº 47 (ene./abr. 2000)wREV5083 c23180d23180